Τα πρώτα μου τραγούδια : ανθολογία παιδικών τραγουδιών
Αποθηκεύτηκε σε:
| Κύριος συγγραφέας: | |
|---|---|
| Μορφή: | Βιβλίο |
| Γλώσσα: | Greek |
| Δημοσίευση: |
Αθήνα :
[χ.ό.],
1988
|
| Θέματα: | |
| Ετικέτες: |
Προσθήκη ετικέτας
Δεν υπάρχουν, Καταχωρήστε ετικέτα πρώτοι!
|
MARC
| LEADER | 00000nam a2200000 i 4500 | ||
|---|---|---|---|
| 001 | 1/22605 | ||
| 008 | 931008s1988 gre d | ||
| 035 | |a 1989 |b 2 |c Δωρεά |l 10036608 | ||
| 040 | |a GR-MY-UA |b gre |e aacr | ||
| 041 | 0 | |a gre | |
| 082 | 0 | |a 782.42083 | |
| 100 | 1 | |a Καψάσκη-Μακρή, Αγγελική Σ. | |
| 245 | 1 | 3 | |a Τα πρώτα μου τραγούδια : |b ανθολογία παιδικών τραγουδιών / |c Αγγελικής Σπυρ. Καψάσκη-Μακρή |
| 260 | |a Αθήνα : |b [χ.ό.], |c 1988 | ||
| 300 | |a 352 σ. | ||
| 505 | 0 | |a 327 τραγούδια - χοροί - ρυθμικά. - Για νήπια και παιδιά του Δημοτικού σχολείου, για Παιδ. Ακαδημίες και σχολές Νηπιαγωγείων | |
| 650 | 0 | 0 | |a Children's songs. |
| 852 | |a INST |b RHODES |e 19931008 |h 782.42083 ΚΑΨ |p 005400003155 |q 005400003155 |t BK |y 0 | ||
| 909 | |a Ρ |b 014790 |c 1989 | ||